Chicago Bulls roster 1997-98 - Statistics

General Stats
  • This quiz has been taken 20 times
  • The average score is 8 of 17
Answer Stats
Number Player % Correct
23 Michael Jordan
100%
33 Scottie Pippen
100%
91 Dennis Rodman
94%
25 Steve Kerr
88%
7 Toni Kukoc
88%
13 Luc Longley
75%
9 Ron Harper
75%
1 Randy Brown
44%
34 Bill Wennington
25%
53 Joe Kleine
19%
30 Jud Buechler
19%
24 Scott Burrell
19%
8 Dickey Simpkins
13%
35 Jason Caffey
6%
22 Keith Booth
6%
42 David Vaughn
0%
5 Rusty LaRue
0%
No matching quizzes found
Score Distribution
Percent of People with Each Score
Percentile by Number Answered
Your Score History
You have not taken this quiz